Heat transfer (Record no. 3641)

000 -LEADER
fixed length control field 00564nam a2200229 a 4500
001 - CONTROL NUMBER
control field 3641
003 - CONTROL NUMBER IDENTIFIER
control field BD-DhUET
008 - FIXED-LENGTH DATA ELEMENTS--GENERAL INFORMATION
fixed length control field 960506s1997 nyua b 001 0 eng
020 ## - INTERNATIONAL STANDARD BOOK NUMBER
International Standard Book Number 0071143203
020 ## - INTERNATIONAL STANDARD BOOK NUMBER
International Standard Book Number 0078447852
040 ## - CATALOGING SOURCE
Original cataloging agency DLC
Transcribing agency DLC
Modifying agency BD-DhUET
082 00 - DEWEY DECIMAL CLASSIFICATION NUMBER
Classification number 621.011
Item number HOL/1997
100 1# - MAIN ENTRY--PERSONAL NAME
Personal name Holman, J. P.
245 10 - TITLE STATEMENT
Title Heat transfer
250 ## - EDITION STATEMENT
Edition statement 8th ed.
260 ## - PUBLICATION, DISTRIBUTION, ETC. (IMPRINT)
Place of publication, distribution, etc. New York
Name of publisher, distributor, etc. McGraw-Hill
Date of publication, distribution, etc. 1997
300 ## - PHYSICAL DESCRIPTION
Extent xviii, 696 p.
Other physical details ill.
490 ## - SERIES STATEMENT
Series statement Schaum's outline series
504 ## - BIBLIOGRAPHY, ETC. NOTE
Bibliography, etc Includes bibliographies
650 #0 - SUBJECT ADDED ENTRY--TOPICAL TERM
Topical term or geographic name as entry element Heat transfer
942 ## - ADDED ENTRY ELEMENTS (KOHA)
Koha item type General Book
Holdings
Koha full call number Price effective from Copy number Withdrawn status Piece designation (barcode) Shelving location Koha date last borrowed Koha normalized classification for sorting Koha out on loan Location (home branch) Source of classification or shelving scheme Not for loan Koha date last seen Lost status Damaged status Date acquired Sublocation or collection (holding branch) Koha issues (times borrowed) Koha item type
621.011/HOL/19972014-11-031 92450Circulation section2025-04-27621_011000000000000_HOL_19972025-05-11Central Library, BUET  2025-04-27  2014-11-03Central Library, BUET3General Book
621.011/HOL/19972014-11-032 92452Circulation section 621_011000000000000_HOL_1997 Central Library, BUET  2014-11-03  2014-11-03Central Library, BUET General Book
621.011/HOL/19972014-11-033 92453Circulation section 621_000000000000000_011HOL1997 Central Library, BUET  2016-07-30  2014-11-03Central Library, BUET General Book
621.011/HOL/19972014-11-034 92454Circulation section2022-01-09621_000000000000000_011HOL1997 Central Library, BUET  2022-06-08  2014-11-03Central Library, BUET1General Book
621.011/HOL/19972014-11-035 92455Circulation section2024-10-02621_000000000000000_011HOL1997 Central Library, BUET  2024-10-28  2014-11-03Central Library, BUET2General Book
621.011/HOL/19972014-11-036 92457Circulation section2023-12-10621_000000000000000_011HOL1997 Central Library, BUET  2024-08-31  2014-11-03Central Library, BUET3General Book
621.011/HOL/19972014-11-037 92459Circulation section 621_000000000000000_011HOL1997 Central Library, BUET  2014-11-03  2014-11-03Central Library, BUET General Book
621.011/HOL/19972014-11-038 92460Circulation section2024-03-12621_011000000000000_HOL_1997 Central Library, BUET  2024-08-28  2014-11-03Central Library, BUET1General Book
621.011/HOL/19972014-11-039 92461Circulation section2024-04-08621_000000000000000_011HOL1997 Central Library, BUET  2024-06-22  2014-11-03Central Library, BUET1General Book
621.011/HOL/19972014-11-0310 92462Circulation section2024-12-10621_000000000000000_011HOL1997 Central Library, BUET  2025-03-12  2014-11-03Central Library, BUET5General Book
621.011/HOL/19972014-11-0311 92464Circulation section2015-03-04621_000000000000000_011HOL1997 Central Library, BUET  2017-05-03  2014-11-03Central Library, BUET1General Book
621.011/HOL/19972014-11-0312 92465Circulation section2019-06-17621_000000000000000_011HOL1997 Central Library, BUET  2019-07-10  2014-11-03Central Library, BUET3General Book
621.011/HOL/19972014-11-0313 92466Circulation section2022-05-24621_000000000000000_011HOL1997 Central Library, BUET  2022-06-08  2014-11-03Central Library, BUET3General Book
621.011 HOL/19972015-04-1214 92468Circulation section 621_011000000000000_HOL_1997 Central Library, BUET  2015-04-12  2015-04-12Central Library, BUET General Book
621.011/HOL/19972015-07-0215 92447Reading section 621_011000000000000_HOL_1997 Central Library, BUET  2015-07-02  2015-07-02Central Library, BUET Reading Item
621.011/HOL/19972015-07-0916 92446Reading section 621_011000000000000_HOL_1997 Central Library, BUET  2015-07-09  2015-07-09Central Library, BUET Reading Item